书目信息 |
| 题名: |
稳态磁场的生物学效应
|
|
| 作者: | 张欣 , 雅瑞玛 , 许安 著 ;张磊 , 刘娟娟 译 | |
| 分册: | ||
| 出版信息: | 北京 科学出版社 2018.03 |
|
| 页数: | 203页 | |
| 开本: | 24cm | |
| 丛书名: | ||
| 单 册: | ||
| 中图分类: | Q689 | |
| 科图分类: | ||
| 主题词: | 磁场--生物学效应--研究 | |
| 电子资源: | ||
| ISBN: | 978-7-03-056598-3 | |
| 000 | 01147nam0 2200277 450 | |
| 001 | 1296 | |
| 005 | 20180927173059.51 | |
| 010 | @a978-7-03-056598-3@b精装@dCNY128.00 | |
| 100 | @a20180612d2018 em y0chiy50 ea | |
| 101 | 1 | @achi@ceng |
| 102 | @aCN@b110000 | |
| 105 | @aa z 001yy | |
| 200 | 1 | @a稳态磁场的生物学效应@9wen tai ci chang de sheng wu xue xiao ying@dBiological effects of static magnetic fields@f张欣,(加)Kevin Yarema,许安著@g张磊,刘娟娟译@zeng |
| 210 | @a北京@c科学出版社@d2018.03 | |
| 215 | @a203页@c图@d24cm | |
| 330 | @a本书主要总结了现有的从分子、细胞组分、细胞到生物个体的稳态磁场生物学效应的科学依据,并探讨稳态磁场在肿瘤等疾病治疗中的潜在应用。这将帮助澄清本领域研究中的一些困惑,可以使我们对稳态磁场的生物学效应有更好的了解。 | |
| 510 | 1 | @aBiological effects of static magnetic fields@zeng |
| 606 | 0 | @a磁场@x生物学效应@x研究 |
| 690 | @aQ689@v5 | |
| 701 | 0 | @a张欣@9zhang xin@4著 |
| 701 | 0 | @c(加)@a雅瑞玛@9ya rui ma@c(Yarema, Kevin)@4著 |
| 701 | 0 | @a许安@9xu an@4著 |
| 702 | 0 | @a张磊@9zhang lei@4译 |
| 702 | 0 | @a刘娟娟@9liu juan juan@4译 |
| 801 | 0 | @aCN@b91MARC@c20180612 |
| 905 | @aMuseLib@dQ689@e30 | |
| 稳态磁场的生物学效应=Biological effects of static magnetic fields/张欣,(加)Kevin Yarema,许安著/张磊,刘娟娟译.-北京:科学出版社,2018.03 |
| 203页:图;24cm |
| ISBN 978-7-03-056598-3(精装):CNY128.00 |
| 本书主要总结了现有的从分子、细胞组分、细胞到生物个体的稳态磁场生物学效应的科学依据,并探讨稳态磁场在肿瘤等疾病治疗中的潜在应用。这将帮助澄清本领域研究中的一些困惑,可以使我们对稳态磁场的生物学效应有更好的了解。 |
| ● |
| 相关链接 |
|
|
|
|
正题名:稳态磁场的生物学效应
索取号:Q689/30
 
预约/预借
| 序号 | 登录号 | 条形码 | 馆藏地/架位号 | 状态 | 备注 |
| 1 | 1122063 | 211220631 | 第二样本阅览室/ [索取号:Q689/30] | 在馆 | |
| 2 | 1122064 | 211220640 | 密集书库-生命科学系/ [索取号:Q689/30] | 在馆 | |
| 3 | 1122065 | 211220659 | 第三借阅区/ [索取号:Q689/30] | 在馆 |